Inovace s trochou pomoci od přátel
Súčasný vek spolupráce so spotrebiteľom, keď spoločnosti nielen počúvajú spotrebiteľa, ale ho aj zapájajú do svojich obchodných procesov. Spotrebiteľ ako vplyvný a kreatívny jedinec. Spotrebiteľ ako motor zmien. Využitie technológií. Osobný kontakt so spotrebiteľom. Stretnutia so spotrebiteľom - str...
Guardado en:
| Autor principal: | |
|---|---|
| Formato: | Capítulo de libro |
| Lenguaje: | checo |
| Materias: | |
| Etiquetas: |
Sin Etiquetas, Sea el primero en etiquetar este registro!
|
MARC
| LEADER | 00000naa$a2200000$$$4500 | ||
|---|---|---|---|
| 001 | 0073931 | ||
| 005 | 20231019093108.6 | ||
| 041 | 0 | |a cze | |
| 044 | |a CZ | ||
| 245 | 1 | 0 | |a Inovace s trochou pomoci od přátel |c Magnus Willis |
| 520 | |a Súčasný vek spolupráce so spotrebiteľom, keď spoločnosti nielen počúvajú spotrebiteľa, ale ho aj zapájajú do svojich obchodných procesov. Spotrebiteľ ako vplyvný a kreatívny jedinec. Spotrebiteľ ako motor zmien. Využitie technológií. Osobný kontakt so spotrebiteľom. Stretnutia so spotrebiteľom - strategická hodnota pre inovácie. | ||
| 610 | 2 | 0 | |a marketing |
| 610 | 2 | 0 | |a firmy |
| 610 | 2 | 0 | |a značky výrobkov |
| 610 | 2 | 0 | |a spotrebitelia |
| 610 | 2 | 0 | |a komunikácia |
| 610 | 2 | 0 | |a inovácia |
| 100 | 1 | |a Willis, Magnus | |